| 000 | 00828nam a22002055i 4500 | ||
|---|---|---|---|
| 001 | 167823 | ||
| 003 | ES-MaACL | ||
| 005 | 20230906213613.0 | ||
| 008 | 050929s1842 fr | |||||||| ||fre d | ||
| 040 |
_aCAM _bspa _cCAM |
||
| 100 | 1 |
_aWahl, André. _9133857 |
|
| 245 | 1 | 0 |
_aGuide pratique interlinéaire de la langue allemande ou Cours d'allemand _b: contenant un choix d'anecdotes, traits historiques et moraux, choisis d'auteurs allemands ... / _cpar André Wahl. |
| 260 |
_aParis : _bJ.H. Truchy, _c1842 ( _fImprimerie de Fain et Thunot) |
||
| 300 |
_aXXXVI, 240 p. ; _c17 cm. |
||
| 594 | _aTexto en alemán en letra gótica. | ||
| 650 | 4 |
_aLengua alemana. _914080 |
|
| 700 | 1 |
_aTruchy, J.H., _eed. _9133397 |
|
| 740 | 0 | _aCours d'allemand. | |
| 852 |
_aES-MaACL _jD-1572 _z-- Enc. hol. _z-- Legado de Modesto de la Fuente |
||
| 999 |
_c167823 _d167823 |
||